000 00322nam a2200133Ia 4500
005 20251222155046.0
008 251222s9999||||xx |||||||||||||| ||spa||
082 _aREL.76/Ej.3
100 _aPELACHI Feliu.
245 0 _aCatecismo de la Iglesia Católica 3 Vol.
250 _a2da. ed.
264 _bBruño
942 _cLIB
999 _c37114
_d37114